00526nam a2200181Ia 450000500170000000800410001702000220005804100080008008200160008810000100010424500950011425000120020926000480022130000090026950000280027865000280030670000100033420230328133803.0230125s9999 xx 000 0 und d a978-0-143-44982-9 aeng a920.71bJHA aJha B aBike Ambulance Dada - The Inspiring Story of Karimul Hak The Man Who Saved over 4000 Lives a1st Ed. c2021bPenguin Random House IndiaaNew Delhi a256p aBiography;Biography-Men aBiography;Biography-Men aJha B